L'Abat Escarré : història i mite / Narcís Xifra i Riera història i mite / Narcís Xifra i Riera
Descripción Física:
502, [4] p. ; 23 cm
MARC
| LEADER | 00000nam a2200000Ia 4500 | ||
|---|---|---|---|
| 001 | 10880 | ||
| 008 | 160829s1984 xx 000 0 cat d | ||
| 080 | |a F-1-42 | ||
| 100 | |a Xifra i Riera, Narcís |9 32527 | ||
| 245 | |a L'Abat Escarré : |b història i mite / Narcís Xifra i Riera | ||
| 260 | |a Llorà : |b Boratuna, |c 1984 | ||
| 300 | |a 502, [4] p. ; |c 23 cm | ||
| 650 | |a Escarré, Aureli M. |9 32528 | ||
| 650 | |a Montserrat (Monestir) |x Història |x S. XX |9 29656 | ||
| 901 | |a Arxiu | ||
| 942 | |n 1 | ||
| 952 | |0 0 |1 0 |4 0 |6 F142 |7 1 |9 46020 |a Arxiu |b Arxiu |d 2016-12-01 |l 0 |o F-1-42 |p 10880 |r 2016-12-01 00:00:00 |w 2016-12-01 |y ARXIU | ||
| 999 | |c 49521 |d 49521 | ||